|
|
|
|
| LEADER |
02839nam a22005415i 4500 |
| 001 |
978-1-4020-4889-0 |
| 003 |
DE-He213 |
| 005 |
20151204170457.0 |
| 007 |
cr nn 008mamaa |
| 008 |
100301s2006 ne | s |||| 0|eng d |
| 020 |
|
|
|a 9781402048890
|9 978-1-4020-4889-0
|
| 024 |
7 |
|
|a 10.1007/1-4020-4889-0
|2 doi
|
| 040 |
|
|
|d GrThAP
|
| 050 |
|
4 |
|a P98-98.5
|
| 072 |
|
7 |
|a UYQL
|2 bicssc
|
| 072 |
|
7 |
|a COM042000
|2 bisacsh
|
| 082 |
0 |
4 |
|a 006.35
|2 23
|
| 100 |
1 |
|
|a Nivre, Joakim.
|e author.
|
| 245 |
1 |
0 |
|a Inductive Dependency Parsing
|h [electronic resource] /
|c by Joakim Nivre.
|
| 264 |
|
1 |
|a Dordrecht :
|b Springer Netherlands,
|c 2006.
|
| 300 |
|
|
|a XII, 212 p.
|b online resource.
|
| 336 |
|
|
|a text
|b txt
|2 rdacontent
|
| 337 |
|
|
|a computer
|b c
|2 rdamedia
|
| 338 |
|
|
|a online resource
|b cr
|2 rdacarrier
|
| 347 |
|
|
|a text file
|b PDF
|2 rda
|
| 490 |
1 |
|
|a Text, Speech and Language Technology,
|x 1386-291X ;
|v 34
|
| 505 |
0 |
|
|a Natural Language Parsing -- Dependency Parsing -- Inductive Dependency Parsing -- Treebank Parsing -- Conclusion.
|
| 520 |
|
|
|a This book provides an in-depth description of the framework of inductive dependency parsing, a methodology for robust and efficient syntactic analysis of unrestricted natural language text. This methodology is based on two essential components: dependency-based syntactic representations and a data-driven approach to syntactic parsing. More precisely, it is based on a deterministic parsing algorithm in combination with inductive machine learning to predict the next parser action. The book includes a theoretical analysis of all central models and algorithms, as well as a thorough empirical evaluation of memory-based dependency parsing, using data from Swedish and English. Offering the reader a one-stop reference to dependency-based parsing of natural language, it is intended for researchers and system developers in the language technology field, and is also suited for graduate or advanced undergraduate education.
|
| 650 |
|
0 |
|a Computer science.
|
| 650 |
|
0 |
|a Artificial intelligence.
|
| 650 |
|
0 |
|a Computational linguistics.
|
| 650 |
|
0 |
|a Application software.
|
| 650 |
|
0 |
|a Linguistics.
|
| 650 |
|
0 |
|a Syntax.
|
| 650 |
1 |
4 |
|a Computer Science.
|
| 650 |
2 |
4 |
|a Language Translation and Linguistics.
|
| 650 |
2 |
4 |
|a Linguistics, general.
|
| 650 |
2 |
4 |
|a Artificial Intelligence (incl. Robotics).
|
| 650 |
2 |
4 |
|a Computer Appl. in Arts and Humanities.
|
| 650 |
2 |
4 |
|a Computational Linguistics.
|
| 650 |
2 |
4 |
|a Syntax.
|
| 710 |
2 |
|
|a SpringerLink (Online service)
|
| 773 |
0 |
|
|t Springer eBooks
|
| 776 |
0 |
8 |
|i Printed edition:
|z 9781402048883
|
| 830 |
|
0 |
|a Text, Speech and Language Technology,
|x 1386-291X ;
|v 34
|
| 856 |
4 |
0 |
|u http://dx.doi.org/10.1007/1-4020-4889-0
|z Full Text via HEAL-Link
|
| 912 |
|
|
|a ZDB-2-SHU
|
| 950 |
|
|
|a Humanities, Social Sciences and Law (Springer-11648)
|